[Event "EOC-ch-Final 2021"]
[Site "Online"]
[Date "2021.03.30"]
[Round "8.11"]
[White "Socko, Monika"]
[Black "Jones, Gawain C B"]
[Result "1/2-1/2"]
[WhiteElo "2421"]
[BlackElo "2670"]
[PlyCount "156"]
[EventDate "2021.03.30"]
[EventType "team-tourn"]
[EventCountry "NET"]
[SourceTitle "playchess.com"]
[Source "ChessBase"]
[SourceQuality "1"]

1. e4 e5 2. Nf3 Nc6 3. Bb5 g6 4. c3 a6 5. Bc4 Bg7 6. O-O d6 7. h3 Nf6 8. Re1
Nxe4 9. Bxf7+ Kxf7 10. Rxe4 d5 11. Re1 e4 12. Nh2 Ne5 13. d4 Nd3 14. Re2 Nxc1
15. Qxc1 Qh4 16. Nd2 Re8 17. Ndf1 Kg8 18. Ne3 Be6 19. Qd1 Re7 20. Rc1 b5 21. b3
Rd8 22. a4 Rf7 23. axb5 axb5 24. Ra1 Rdf8 25. Qd2 Bh6 26. Ra6 Bd7 27. Qe1 c6
28. Raa2 Bf4 29. Nef1 Bd6 30. b4 Qg5 31. Kh1 h5 32. Qd2 Bf4 33. Qe1 Bd6 34. Qd2
Qh4 35. Qe1 g5 36. Ra7 g4 37. g3 Qxh3 38. Qd2 h4 39. Qg5+ Rg7 40. Qxh4 Qxh4 41.
gxh4 Bc8 42. Rxg7+ Kxg7 43. Ng3 Rh8 44. h5 Bxg3 45. fxg3 Rxh5 46. Kg2 Kf6 47.
Rf2+ Ke7 48. Nf1 Rh8 49. Ne3 Bd7 50. Ra2 Rf8 51. Ra7 Kd6 52. Ra2 Rf3 53. Re2
Be6 54. Re1 Ke7 55. Re2 Bf5 56. Re1 Kf6 57. Re2 Kg5 58. Re1 Bd7 59. Re2 Bc8 60.
Re1 Be6 61. Re2 Kg6 62. Re1 Bd7 63. Re2 Bf5 64. Re1 Kf7 65. Re2 Ke7 66. Re1 Bd7
67. Re2 Rf8 68. Ra2 Kd6 69. Ra1 Be6 70. Ra2 Kc7 71. Ra1 Rf3 72. Re1 Kb7 73. Re2
Bd7 74. Re1 Kb6 75. Re2 Bc8 76. Re1 Bd7 77. Re2 Kb7 78. Re1 Kb6 1/2-1/2

[Event "EOC-ch-Final 2021"]
[Site "Online"]
[Date "2021.03.30"]
[Round "8.12"]
[White "Cheparinov, Ivan"]
[Black "Skripchenko, Almira"]
[Result "1-0"]
[WhiteElo "2667"]
[BlackElo "2418"]
[PlyCount "53"]
[EventDate "2021.03.30"]
[EventType "team-tourn"]
[EventCountry "NET"]
[SourceTitle "playchess.com"]
[Source "ChessBase"]
[SourceQuality "1"]

1. d4 d5 2. Nf3 e6 3. c4 dxc4 4. e3 Nf6 5. Bxc4 c5 6. O-O a6 7. e4 b5 8. Be2
Bb7 9. a4 b4 10. e5 Nd5 11. Nbd2 Nd7 12. Nc4 Qc7 13. Bg5 h6 14. Bh4 Nf4 15. Rc1
Nxe2+ 16. Qxe2 Qc6 17. dxc5 Nxc5 18. Nd6+ Bxd6 19. exd6 Qxd6 20. Bg3 Qe7 21.
Qe5 Bd5 22. Qxg7 Rf8 23. Rfd1 Rd8 24. Bh4 f6 25. Qxe7+ Kxe7 26. Rxc5 Bxf3 27.
Rxd8 1-0

[Event "EOC-ch-Final 2021"]
[Site "Online"]
[Date "2021.03.30"]
[Round "8.13"]
[White "Fedoseev, Vladimir"]
[Black "Artemiev, Vladislav"]
[Result "0-1"]
[WhiteElo "2687"]
[BlackElo "2709"]
[PlyCount "123"]
[EventDate "2021.03.30"]
[EventType "team-tourn"]
[EventCountry "NET"]
[SourceTitle "playchess.com"]
[Source "ChessBase"]
[SourceQuality "1"]

1. e4 e5 2. Nf3 Nc6 3. Bc4 Bc5 4. c3 Nf6 5. b4 Bb6 6. d3 d6 7. O-O h6 8. a4 a5
9. b5 Ne7 10. Re1 O-O 11. Ba3 Ng6 12. d4 Bg4 13. Ra2 Bxf3 14. Qxf3 exd4 15.
cxd4 Bxd4 16. Qd1 Bb6 17. Nc3 Ne5 18. Bb3 Qe7 19. h3 Bc5 20. Bxc5 dxc5 21. f4
c4 22. fxe5 Qxe5 23. Bxc4 Qxc3 24. Rc2 Qe5 25. Bd5 Rad8 26. Qa1 Qxa1 27. Rxa1
Nxd5 28. exd5 Rxd5 29. Rxc7 b6 30. Rb7 Rd6 31. Rf1 f5 32. Rc1 Rff6 33. Rcc7 Rg6
34. Rd7 Rde6 35. Re7 Kh7 36. Kf2 Rd6 37. Rbd7 Rxd7 38. Rxd7 Re6 39. Rb7 Kg6 40.
h4 Kf6 41. h5 g5 42. hxg6 Kxg6 43. g3 Kf6 44. Rh7 Ke5 45. Ke3 Kd5+ 46. Kd3 Rg6
47. Rd7+ Kc5 48. Rc7+ Kb4 49. Rc6 Rxg3+ 50. Kd4 Kxa4 51. Rxb6 Kb4 52. Rf6 Kxb5
53. Rxf5+ Kb4 54. Rh5 Rg6 55. Kd3 Rc6 56. Rh4+ Kb3 57. Rh5 Rd6+ 58. Ke4 a4 59.
Rb5+ Kc4 60. Ra5 Kb4 61. Ra8 a3 62. Ke5 0-1

[Event "EOC-ch-Final 2021"]
[Site "Online"]
[Date "2021.03.30"]
[Round "8.14"]
[White "Kamsky, Gata"]
[Black "Matlakov, Maxim"]
[Result "1/2-1/2"]
[WhiteElo "2665"]
[BlackElo "2688"]
[PlyCount "61"]
[EventDate "2021.03.30"]
[EventType "team-tourn"]
[EventCountry "NET"]
[SourceTitle "playchess.com"]
[Source "ChessBase"]
[SourceQuality "1"]

1. d4 Nf6 2. Bf4 d5 3. e3 c5 4. Nd2 Nc6 5. Ngf3 Nh5 6. dxc5 Nxf4 7. exf4 g6 8.
c3 Bg7 9. Bb5 O-O 10. O-O d4 11. Bxc6 dxc3 12. Be4 cxd2 13. Qxd2 Qxd2 14. Nxd2
Bxb2 15. Rab1 Ba3 16. c6 bxc6 17. Bxc6 Ba6 18. Bxa8 Bxf1 19. Kxf1 Rxa8 20. Rb7
Kf8 21. Ne4 a5 22. Rb3 Bc1 23. g3 a4 24. Rb4 a3 25. Rc4 Bb2 26. Nc5 Rd8 27. Ke2
e5 28. Nd3 exf4 29. Nxb2 axb2 30. Rb4 fxg3 31. hxg3 1/2-1/2

[Event "EOC-ch-Final 2021"]
[Site "Online"]
[Date "2021.03.30"]
[Round "8.15"]
[White "Esipenko, Andrey"]
[Black "Timofeev, Artyom"]
[Result "1/2-1/2"]
[WhiteElo "2677"]
[BlackElo "2594"]
[PlyCount "184"]
[EventDate "2021.03.30"]
[EventType "team-tourn"]
[EventCountry "NET"]
[SourceTitle "playchess.com"]
[Source "ChessBase"]
[SourceQuality "1"]

1. d4 Nf6 2. c4 b6 3. Nf3 Bb7 4. g3 g6 5. Nc3 d5 6. cxd5 Nxd5 7. Bg2 Bg7 8. O-O
O-O 9. Qc2 Nxc3 10. bxc3 Nd7 11. e4 e6 12. Bg5 Bf6 13. Be3 c5 14. Rad1 cxd4 15.
cxd4 Rc8 16. Qb1 Qc7 17. Rd2 Bg7 18. d5 exd5 19. exd5 Bc3 20. Rc1 Qd6 21. Rdd1
Ne5 22. Nd4 Bxd4 23. Bxd4 Nd7 24. Qb2 Rxc1 25. Qxc1 Re8 26. Qh6 f6 27. Qd2 Kf7
28. h4 Nc5 29. Qh6 Kg8 30. h5 Qf8 31. Qc1 g5 32. h6 Qd6 33. Qc3 Nd7 34. Qd2 Re7
35. Bb2 Ne5 36. Qc3 Rc7 37. Qe3 g4 38. Bxe5 fxe5 39. Qg5+ Kf8 40. Re1 Re7 41.
Qxg4 Rf7 42. Qe4 Qxh6 43. Qxe5 Qf6 44. Qb8+ Kg7 45. f4 Bxd5 46. Re5 Bxg2 47.
Rg5+ Kh6 48. Kxg2 Rg7 49. Rd5 Rg6 50. Qe8 Qg7 51. Qe3 Qf6 52. f5+ Qg5 53. Qxg5+
Rxg5 54. Kf3 Rg8 55. Kf4 Rc8 56. Rd6+ Kg7 57. g4 Rc4+ 58. Kg5 Rc7 59. a4 Rb7
60. Kh5 a6 61. a5 bxa5 62. Rxa6 Rb1 63. Kg5 Rb5 64. Ra7+ Kg8 65. Kf6 Rb6+ 66.
Ke7 Kg7 67. g5 Rb8 68. Rxa5 Rb7+ 69. Ke6 Rb6+ 70. Ke5 Rb7 71. Ra4 Re7+ 72. Kf4
Re1 73. Ra7+ Kg8 74. Rb7 Re2 75. Rb4 Re1 76. Re4 Rg1 77. Ke5 Kf7 78. Kf4 Rf1+
79. Kg4 Rg1+ 80. Kh5 Rf1 81. Re5 Rh1+ 82. Kg4 Rg1+ 83. Kf4 Rf1+ 84. Ke4 Rg1 85.
f6 Kg6 86. Kd5 h6 87. gxh6 Kxf6 88. Rh5 Rg8 89. h7 Rh8 90. Ke4 Kg6 91. Rh3 Rxh7
92. Rxh7 Kxh7 1/2-1/2

[Event "EOC-ch-Final 2021"]
[Site "Online"]
[Date "2021.03.30"]
[Round "8.16"]
[White "Sharafiev, Azat"]
[Black "Shimanov, Aleksandr"]
[Result "0-1"]
[WhiteElo "2432"]
[BlackElo "2597"]
[PlyCount "80"]
[EventDate "2021.03.30"]
[EventType "team-tourn"]
[EventCountry "NET"]
[SourceTitle "playchess.com"]
[Source "ChessBase"]
[SourceQuality "1"]

1. d4 Nf6 2. Nf3 d5 3. c4 e6 4. Nc3 Nbd7 5. Bg5 h6 6. Bh4 Be7 7. e3 O-O 8. Rc1
c6 9. Bd3 dxc4 10. Bxc4 a6 11. O-O b5 12. Bd3 c5 13. a4 c4 14. Be2 Nd5 15. Bxe7
Qxe7 16. axb5 Nxc3 17. bxc3 axb5 18. Rb1 Ra5 19. Qc2 Bb7 20. Rb2 Bc6 21. Rfb1
Rc8 22. Nd2 Nb6 23. Bf3 Be8 24. h3 Qa7 25. Ne4 Qc7 26. Kh1 Ra3 27. Ra2 Rca8 28.
Rxa3 Rxa3 29. Qb2 Ra7 30. Nc5 Na4 31. Qb4 Nb6 32. Qb2 Ra5 33. Ra1 Qa7 34. Rxa5
Qxa5 35. Kh2 Qa7 36. e4 Bc6 37. e5 Bxf3 38. gxf3 Qa5 39. Nb7 Na4 40. Qa3 Qxc3
0-1

[Event "EOC-ch-Final 2021"]
[Site "Online"]
[Date "2021.03.30"]
[Round "8.17"]
[White "Bluebaum, Matthias"]
[Black "Grandelius, Nils"]
[Result "1/2-1/2"]
[WhiteElo "2670"]
[BlackElo "2663"]
[PlyCount "119"]
[EventDate "2021.03.30"]
[EventType "team-tourn"]
[EventCountry "NET"]
[SourceTitle "playchess.com"]
[Source "ChessBase"]
[SourceQuality "1"]

1. d4 Nf6 2. Nf3 g6 3. c4 Bg7 4. Nc3 d5 5. h3 O-O 6. cxd5 Nxd5 7. e4 Nxc3 8.
bxc3 c5 9. Be2 cxd4 10. cxd4 Nc6 11. Be3 b6 12. O-O Bb7 13. d5 Ne5 14. Nxe5
Bxe5 15. Rc1 Rc8 16. f4 Rxc1 17. Qxc1 Bg7 18. Rd1 Qd6 19. e5 Qb4 20. Qd2 Qa4
21. Bf3 Rd8 22. Qe2 Ba6 23. Qf2 Bc4 24. Rd2 Qb5 25. Qh4 Rd7 26. Kh2 Bf8 27. a4
Qb3 28. Bf2 Bxd5 29. f5 e6 30. fxg6 hxg6 31. Bg3 a5 32. Qf4 b5 33. Bh4 bxa4 34.
Bf6 Qb8 35. Rd4 Bc6 36. Bxc6 Rxd4 37. Qxd4 a3 38. Qf2 Qb1 39. Qh4 Bg7 40. Bxg7
Kxg7 41. Qf6+ Kg8 42. Qd8+ Kg7 43. Qf6+ Kg8 44. Be8 Qb7 45. Qd8 Kg7 46. Qxa5
Qb2 47. Qc7 Qf2 48. Bxf7 Qxf7 49. Qa5 Qf4+ 50. Kh1 Qf1+ 51. Kh2 Qf4+ 52. Kh1
Qc1+ 53. Kh2 Qb2 54. Qc7+ Kh6 55. Qd6 a2 56. Qf8+ Kh7 57. Qf7+ Kh6 58. Qf8+ Kh7
59. Qf7+ Kh6 60. Qf8+ 1/2-1/2

[Event "EOC-ch-Final 2021"]
[Site "Online"]
[Date "2021.03.30"]
[Round "8.18"]
[White "Engel, Luis"]
[Black "Donchenko, Alexander"]
[Result "1-0"]
[WhiteElo "2553"]
[BlackElo "2678"]
[PlyCount "75"]
[EventDate "2021.03.30"]
[EventType "team-tourn"]
[EventCountry "NET"]
[SourceTitle "playchess.com"]
[Source "ChessBase"]
[SourceQuality "1"]

1. e4 c6 2. d4 d5 3. e5 Bf5 4. Nf3 e6 5. Be2 Ne7 6. O-O c5 7. dxc5 Nec6 8. Be3
Nd7 9. c4 dxc4 10. Na3 Bxc5 11. Bxc5 Nxc5 12. Nxc4 O-O 13. Qc1 Qc7 14. Qe3 b6
15. Rfd1 Rad8 16. h3 Rxd1+ 17. Rxd1 Rd8 18. Nd4 Nxd4 19. Rxd4 Rxd4 20. Qxd4 h6
21. Nd6 Bg6 22. Nb5 Qb7 23. b4 Ne4 24. Kh2 Qc6 25. f3 Ng5 26. Qd8+ Kh7 27. h4
Nxf3+ 28. gxf3 Qc2 29. Nd4 Qd2 30. Kg3 Qe3 31. Kg2 Qxe5 32. Bf1 Qf4 33. Nc6 Bh5
34. Be2 Qe3 35. Qd3+ Qxd3 36. Bxd3+ f5 37. Nxa7 Be8 38. Nc8 1-0

[Event "EOC-ch-Final 2021"]
[Site "Online"]
[Date "2021.03.30"]
[Round "8.19"]
[White "Meier, Georg"]
[Black "Heinemann, Thies"]
[Result "1-0"]
[WhiteElo "2628"]
[BlackElo "2502"]
[PlyCount "169"]
[EventDate "2021.03.30"]
[EventType "team-tourn"]
[EventCountry "NET"]
[SourceTitle "playchess.com"]
[Source "ChessBase"]
[SourceQuality "1"]

1. Nf3 c5 2. c4 Nc6 3. g3 g6 4. Bg2 Bg7 5. O-O d6 6. Nc3 e5 7. d3 Nge7 8. a3
O-O 9. Rb1 a5 10. Bd2 Rb8 11. Qa4 Bd7 12. Rfc1 Nd4 13. Qd1 Bc6 14. e3 Ne6 15.
b4 axb4 16. axb4 cxb4 17. Rxb4 d5 18. cxd5 Nxd5 19. Rbb1 Ne7 20. Ne1 Qd7 21.
Bxc6 bxc6 22. Qa4 Rxb1 23. Rxb1 Rd8 24. Qc4 h5 25. h4 Qa7 26. Kf1 Rb8 27. Qa4
Qc7 28. Ke2 Rxb1 29. Nxb1 Qb7 30. Nc3 Nc5 31. Qc4 Nb3 32. Nf3 Nxd2 33. Nxd2 Nd5
34. Nce4 Qb5 35. Nd6 Qxc4 36. N2xc4 f6 37. Nb7 Bf8 38. Nd8 Nb4 39. Na5 c5 40.
Nc4 Be7 41. Nb7 Kf7 42. Nba5 Ke6 43. Nb3 g5 44. hxg5 fxg5 45. Nbd2 h4 46. g4 h3
47. Nf3 Nc6 48. Ncd2 Nb4 49. Nf1 Kd5 50. e4+ Ke6 51. Ng1 Nc6 52. Nxh3 Nd4+ 53.
Kd1 Bd8 54. Ng1 Ba5 55. Nh2 Kf6 56. Nhf3 Nc6 57. Ne2 Nb4 58. Nc1 Bc7 59. Ke2
Bd6 60. Nb3 Nc6 61. Nbd2 Bc7 62. Nc4 Ne7 63. Ne3 Ke6 64. Kd2 Kf6 65. Nd5+ Nxd5
66. exd5 c4 67. Kc3 cxd3 68. Kxd3 Bb6 69. Nd2 e4+ 70. Nxe4+ Ke5 71. Nxg5 Bxf2
72. Ne4 Bb6 73. d6 Bd8 74. Ke3 Bh4 75. Kf3 Bd8 76. d7 Ke6 77. Nc5+ Kd6 78. Nb7+
Kxd7 79. Nxd8 Kxd8 80. Kf4 Ke7 81. Kg5 Kf7 82. Kh6 Kg8 83. g5 Kh8 84. g6 Kg8
85. g7 1-0

[Event "EOC-ch-Final 2021"]
[Site "Online"]
[Date "2021.03.30"]
[Round "8.20"]
[White "Kramer, Julian"]
[Black "Heimann, Andreas"]
[Result "1/2-1/2"]
[WhiteElo "2419"]
[BlackElo "2606"]
[PlyCount "65"]
[EventDate "2021.03.30"]
[EventType "team-tourn"]
[EventCountry "NET"]
[SourceTitle "playchess.com"]
[Source "ChessBase"]
[SourceQuality "1"]

1. e4 e5 2. Nf3 Nc6 3. d4 exd4 4. Nxd4 Nf6 5. Nxc6 bxc6 6. Bd3 d5 7. exd5 cxd5
8. O-O Be7 9. c4 O-O 10. cxd5 Nxd5 11. Be4 Be6 12. Qf3 Rb8 13. Rd1 c6 14. Nc3
Bf6 15. Nxd5 cxd5 16. Bxd5 Bxd5 17. Qxd5 Qxd5 18. Rxd5 Bxb2 19. Bxb2 Rxb2 20.
Ra5 Rc8 21. Rxa7 g6 22. a4 Rcc2 23. Rf1 Ra2 24. g3 Kg7 25. Kg2 Rc4 26. h4 Rcxa4
27. Rxa4 Rxa4 28. Re1 h5 29. Re2 Rb4 30. Re1 Ra4 31. Re2 Rb4 32. Re1 Ra4 33.
Re2 1/2-1/2

[Event "EOC-ch-Final 2021"]
[Site "Online"]
[Date "2021.03.30"]
[Round "9.1"]
[White "Svane, Rasmus"]
[Black "Moranda, Wojciech"]
[Result "0-1"]
[WhiteElo "2613"]
[BlackElo "2618"]
[PlyCount "90"]
[EventDate "2021.03.30"]
[EventType "team-tourn"]
[EventCountry "NET"]
[SourceTitle "playchess.com"]
[Source "ChessBase"]
[SourceQuality "1"]

1. Nf3 Nf6 2. g3 d5 3. Bg2 e6 4. O-O Be7 5. c4 d4 6. e3 c5 7. exd4 cxd4 8. d3
Nc6 9. Re1 O-O 10. Bg5 h6 11. Bxf6 Bxf6 12. Nbd2 a5 13. a3 a4 14. Rc1 Ra5 15.
c5 Be7 16. Ne4 f5 17. Nd6 Bxd6 18. cxd6 Qxd6 19. Nd2 Ra6 20. Nc4 Qb8 21. b4
axb3 22. Qxb3 b5 23. Nd2 Nd8 24. Nf3 Bb7 25. Qxb5 Qa8 26. Rc7 Bc6 27. Qe5 Nf7
28. Qe2 Rxa3 29. Nh4 Bxg2 30. Nxg2 Ng5 31. Rec1 Qf3 32. Qxf3 Nxf3+ 33. Kf1
Nxh2+ 34. Ke2 e5 35. Nh4 e4 36. Rd7 exd3+ 37. Kd1 Rb8 38. Nxf5 Nf3 39. Rxg7+
Kh8 40. Rgc7 d2 41. Rc8+ Rxc8 42. Rxc8+ Kh7 43. Rc7+ Kg8 44. Ke2 d3+ 45. Ke3
d1=Q 0-1

[Event "EOC-ch-Final 2021"]
[Site "Online"]
[Date "2021.03.30"]
[Round "9.2"]
[White "Socko, Bartosz"]
[Black "Engel, Luis"]
[Result "1-0"]
[WhiteElo "2618"]
[BlackElo "2553"]
[PlyCount "103"]
[EventDate "2021.03.30"]
[EventType "team-tourn"]
[EventCountry "NET"]
[SourceTitle "playchess.com"]
[Source "ChessBase"]
[SourceQuality "1"]

1. d4 Nf6 2. Nf3 d5 3. g3 e6 4. Bg2 Be7 5. O-O O-O 6. c4 dxc4 7. Ne5 Nc6 8.
Bxc6 bxc6 9. Nxc6 Qe8 10. Nxe7+ Qxe7 11. Qc2 e5 12. dxe5 Qxe5 13. Bf4 Qh5 14.
Nc3 g5 15. Bxc7 Ng4 16. h4 gxh4 17. Qe4 hxg3 18. Bxg3 Bf5 19. Qf3 Rad8 20. Rfd1
Be6 21. Ne4 Qg6 22. Qf4 h5 23. f3 Rxd1+ 24. Rxd1 Bf5 25. Rd5 Nh6 26. Nd6 h4 27.
Qxh4 f6 28. Kf2 Be6 29. Rh5 Nf5 30. Nxf5 Bxf5 31. Qxc4+ Kg7 32. Rh1 Rc8 33. Qd4
Rc2 34. Rg1 Qe8 35. Be5+ Kf7 36. Qxa7+ Qd7 37. Qxd7+ Bxd7 38. Bc3 Bb5 39. Re1
Ke6 40. Ke3 f5 41. f4 Bc4 42. a4 Ba6 43. Kd4 Bxe2 44. b4 Kd7 45. b5 Bf3 46. a5
Be2 47. Rb1 Kc8 48. a6 Ra2 49. Kc5 Rc2 50. Rb3 Bf3 51. b6 Kb8 52. b7 1-0

[Event "EOC-ch-Final 2021"]
[Site "Online"]
[Date "2021.03.30"]
[Round "9.3"]
[White "Heinemann, Thies"]
[Black "Tomczak, Jacek"]
[Result "1/2-1/2"]
[WhiteElo "2502"]
[BlackElo "2610"]
[PlyCount "71"]
[EventDate "2021.03.30"]
[EventType "team-tourn"]
[EventCountry "NET"]
[SourceTitle "playchess.com"]
[Source "ChessBase"]
[SourceQuality "1"]

1. e4 e6 2. d4 d5 3. Nd2 Be7 4. Bd3 c5 5. dxc5 Nf6 6. Qe2 O-O 7. Ngf3 a5 8. O-O
Na6 9. exd5 Qxd5 10. Ne4 Nxe4 11. Bxe4 Qxc5 12. Be3 Qh5 13. Nd4 Qxe2 14. Nxe2
a4 15. Rad1 a3 16. b3 Bc5 17. c3 Bxe3 18. fxe3 Nc5 19. Bf3 f6 20. Nd4 Kf7 21.
Rf2 Ke7 22. Rfd2 f5 23. g3 g5 24. Nb5 f4 25. exf4 gxf4 26. Kg2 Bd7 27. b4 Bxb5
28. bxc5 Rac8 29. c4 Bxc4 30. Rd7+ Kf6 31. R1d4 Bxa2 32. Rxf4+ Ke5 33. Re4+ Kf6
34. Rf4+ Ke5 35. Re4+ Kf6 36. Rf4+ 1/2-1/2

[Event "EOC-ch-Final 2021"]
[Site "Online"]
[Date "2021.03.30"]
[Round "9.4"]
[White "Klekowski, Maciej"]
[Black "Kramer, Julian"]
[Result "1-0"]
[WhiteElo "2510"]
[BlackElo "2419"]
[PlyCount "109"]
[EventDate "2021.03.30"]
[EventType "team-tourn"]
[EventCountry "NET"]
[SourceTitle "playchess.com"]
[Source "ChessBase"]
[SourceQuality "1"]

1. c4 Nf6 2. Nc3 d5 3. cxd5 Nxd5 4. g3 g6 5. Bg2 c6 6. d4 Bg7 7. e4 Nxc3 8.
bxc3 c5 9. Ne2 cxd4 10. cxd4 Nc6 11. Be3 Qa5+ 12. Qd2 O-O 13. Qxa5 Nxa5 14. Rc1
b6 15. e5 Rb8 16. Rc7 Bb7 17. O-O e6 18. Rfc1 a6 19. Bd2 h5 20. h4 Rfe8 21.
Bxb7 Nxb7 22. R1c6 Na5 23. Bxa5 bxa5 24. Rxa6 Rb2 25. Nc3 Rd2 26. Rd6 f6 27.
Rdd7 Bh8 28. exf6 Bxf6 29. Ne4 Rd1+ 30. Kg2 Bh8 31. Nd6 Rf8 32. Nc8 Bf6 33.
Ne7+ Bxe7 34. Rxe7 Rf6 35. Rc8+ Rf8 36. Rxf8+ Kxf8 37. Rxe6 Kf7 38. Ra6 Rxd4
39. Rxa5 Rd3 40. Ra4 Kf6 41. Rf4+ Ke6 42. a4 Ra3 43. Kf1 Ra2 44. Ke1 Ke5 45.
Kd1 Rb2 46. Kc1 Rb8 47. Kc2 Rc8+ 48. Kb3 Rb8+ 49. Ka3 Ra8 50. Kb4 Rb8+ 51. Kc5
Rc8+ 52. Kb6 Rb8+ 53. Kc6 Ra8 54. Kb7 Ra5 55. Kb6 1-0

[Event "EOC-ch-Final 2021"]
[Site "Online"]
[Date "2021.03.30"]
[Round "9.5"]
[White "Artemiev, Vladislav"]
[Black "Bluebaum, Matthias"]
[Result "1-0"]
[WhiteElo "2709"]
[BlackElo "2670"]
[PlyCount "145"]
[EventDate "2021.03.30"]
[EventType "team-tourn"]
[EventCountry "NET"]
[SourceTitle "playchess.com"]
[Source "ChessBase"]
[SourceQuality "1"]

1. Nf3 d5 2. e3 c5 3. c4 d4 4. b4 Nf6 5. exd4 cxd4 6. Bb2 a5 7. a3 e5 8. Nxe5
axb4 9. axb4 Rxa1 10. Bxa1 Bxb4 11. Qa4+ Nfd7 12. Bxd4 Qe7 13. Be2 O-O 14. Nd3
Nc6 15. Be3 Nc5 16. Nxc5 Bxc5 17. O-O Nd4 18. Nc3 Bd7 19. Qd1 Bc6 20. Re1 Qd6
21. Bf1 Rd8 22. Qh5 b6 23. Bg5 Ra8 24. Be7 Qg6 25. Qxg6 hxg6 26. Bxc5 bxc5 27.
Re5 Nb3 28. h4 Ra1 29. Re2 Nd4 30. Re3 Nb3 31. Rd3 Nd4 32. f3 Bd7 33. Kf2 Be6
34. Re3 Rc1 35. Re1 Rc2 36. Rd1 Nb3 37. Ne4 Kf8 38. Bd3 Rb2 39. Ke3 Ke7 40. Nc3
Kd6 41. Nb5+ Ke7 42. Nc7 Kd6 43. Nxe6 Kxe6 44. Be4 f5 45. Bd5+ Kf6 46. f4 Nd4
47. Kf2 Ke7 48. Ke3 Kf6 49. Rc1 Nc2+ 50. Kd3 Nd4 51. Rc3 Ra2 52. Ke3 Nc2+ 53.
Kf2 Nd4 54. Rd3 Ke7 55. Kg3 Kf6 56. Re3 Rxd2 57. Kh3 Rf2 58. g3 Re2 59. Ra3 Rf2
60. Ra6+ Ke7 61. Ra7+ Kf8 62. Rf7+ Ke8 63. Rxg7 Ne2 64. h5 gxh5 65. Rh7 Nd4 66.
Rxh5 Ke7 67. Rh7+ Kf6 68. Rh6+ Kg7 69. Rb6 Ra2 70. Kh4 Ra3 71. Rb7+ Kf6 72. Kh5
Ne6 73. Rb6 1-0

[Event "EOC-ch-Final 2021"]
[Site "Online"]
[Date "2021.03.30"]
[Round "9.6"]
[White "Donchenko, Alexander"]
[Black "Kamsky, Gata"]
[Result "1/2-1/2"]
[WhiteElo "2678"]
[BlackElo "2665"]
[PlyCount "45"]
[EventDate "2021.03.30"]
[EventType "team-tourn"]
[EventCountry "NET"]
[SourceTitle "playchess.com"]
[Source "ChessBase"]
[SourceQuality "1"]

1. d4 d5 2. c4 c6 3. Nf3 Nf6 4. e3 Bg4 5. Qb3 Qb6 6. Ne5 Bf5 7. cxd5 Qxb3 8.
axb3 Nxd5 9. Bd3 Bxd3 10. Nxd3 e6 11. Bd2 Na6 12. Na3 Nab4 13. Nxb4 Bxb4 14.
Nc4 Ke7 15. Ke2 Bxd2 16. Kxd2 Rhd8 17. Rhc1 a6 18. Ke2 Rab8 19. g3 Nc7 20. Nb6
Nd5 21. Nc4 Nc7 22. Nb6 Nd5 23. Nc4 1/2-1/2

[Event "EOC-ch-Final 2021"]
[Site "Online"]
[Date "2021.03.30"]
[Round "9.7"]
[White "Timofeev, Artyom"]
[Black "Keymer, Vincent"]
[Result "0-1"]
[WhiteElo "2594"]
[BlackElo "2591"]
[PlyCount "118"]
[EventDate "2021.03.30"]
[EventType "team-tourn"]
[EventCountry "NET"]
[SourceTitle "playchess.com"]
[Source "ChessBase"]
[SourceQuality "1"]

1. e4 c6 2. Nf3 d5 3. d3 dxe4 4. dxe4 Qxd1+ 5. Kxd1 Nd7 6. Bf4 f6 7. Nfd2 e5 8.
Be3 Bc5 9. Ke2 a5 10. a4 Bxe3 11. Kxe3 Nh6 12. Na3 Ke7 13. Nac4 b6 14. Be2 Nf7
15. g3 Ba6 16. c3 Rhd8 17. b4 Bxc4 18. Nxc4 Nd6 19. Nxd6 Kxd6 20. Bg4 Nf8 21.
f4 exf4+ 22. gxf4 Re8 23. h4 Re7 24. h5 Kc7 25. Rhg1 g6 26. Bf3 Rg7 27. Rg3 Nd7
28. h6 Re7 29. Rgg1 Nf8 30. Rge1 Ne6 31. Bg4 Nd8 32. f5 Nf7 33. Rh1 Rae8 34.
fxg6 Rxe4+ 35. Kd2 hxg6 36. Bd1 axb4 37. cxb4 Rh8 38. Bc2 Rxb4 39. h7 Rg4 40.
a5 bxa5 41. Rxa5 Kb6 42. Ra3 f5 43. Bb3 Rg2+ 44. Kc3 Rg3+ 45. Kb2 Ng5 46. Bg8
Rxa3 47. Kxa3 f4 48. Kb4 f3 49. Kc4 f2 50. Kd4 Nxh7 51. Bc4 Rf8 52. Ke3 Ng5 53.
Bf1 Nf3 54. Rh7 g5 55. Bg2 g4 56. Ke2 g3 57. Rg7 Nh4 58. Bf1 Re8+ 59. Kd3 Re1
0-1

[Event "EOC-ch-Final 2021"]
[Site "Online"]
[Date "2021.03.30"]
[Round "9.8"]
[White "Kollars, Dmitrij"]
[Black "Sharafiev, Azat"]
[Result "1-0"]
[WhiteElo "2598"]
[BlackElo "2432"]
[PlyCount "59"]
[EventDate "2021.03.30"]
[EventType "team-tourn"]
[EventCountry "NET"]
[SourceTitle "playchess.com"]
[Source "ChessBase"]
[SourceQuality "1"]

1. e4 e5 2. Nf3 Nc6 3. Bb5 Nf6 4. d3 Bc5 5. Nbd2 O-O 6. c3 d6 7. O-O a6 8. Ba4
b5 9. Bc2 Bb6 10. h3 Ne7 11. d4 Ng6 12. Re1 Bb7 13. Nf1 Re8 14. Ng3 h6 15. a4
Qd7 16. Be3 exd4 17. Bxd4 Bxd4 18. cxd4 c5 19. d5 Qc7 20. Qd2 Nd7 21. Nf5 Rab8
22. axb5 axb5 23. Qc3 f6 24. N3d4 b4 25. Qg3 cxd4 26. Qxg6 Ne5 27. Qg3 d3 28.
Bxd3 Kf8 29. Rac1 Qd7 30. Bb5 1-0

[Event "EOC-ch-Final 2021"]
[Site "Online"]
[Date "2021.03.30"]
[Round "9.9"]
[White "Adams, Michael"]
[Black "Fedoseev, Vladimir"]
[Result "0-1"]
[WhiteElo "2716"]
[BlackElo "2687"]
[PlyCount "122"]
[EventDate "2021.03.30"]
[EventType "team-tourn"]
[EventCountry "NET"]
[SourceTitle "playchess.com"]
[Source "ChessBase"]
[SourceQuality "1"]

1. e4 c5 2. Nf3 d6 3. d4 cxd4 4. Nxd4 Nf6 5. Nc3 a6 6. g3 e6 7. Bg2 Be7 8. O-O
Qc7 9. a4 O-O 10. a5 Nbd7 11. Qe2 Rb8 12. Rd1 Ne5 13. Nb3 Bd7 14. h3 Rfc8 15.
Kh2 Nc4 16. Ra2 Ne8 17. Rd3 Bf6 18. f4 b5 19. axb6 Rxb6 20. Nd2 Rb4 21. Nxc4
Rxc4 22. Bd2 a5 23. Qd1 a4 24. Be1 Rd8 25. b3 Rxc3 26. Bxc3 Bxc3 27. bxa4 Ba5
28. Rb3 Bc6 29. c4 Nf6 30. Qe2 Nd7 31. Qd1 Nc5 32. Re3 e5 33. f5 Rb8 34. g4 Qe7
35. Ree2 Bc3 36. a5 Bd4 37. Ra3 h6 38. a6 Qa7 39. h4 Ra8 40. g5 Qe7 41. f6 gxf6
42. gxh6 Kh8 43. Qe1 Qf8 44. a7 Ne6 45. Rea2 Bc5 46. Ra6 Bb7 47. R6a5 Nf4 48.
Rb2 Nd3 49. Qf1 Nxb2 50. Qxf6+ Kh7 51. Qf5+ Kxh6 52. Qg5+ Kh7 53. Qf5+ Kg8 54.
Rb5 Rxa7 55. Rxb2 Qh6 56. Qg4+ Kh7 57. Qf5+ Qg6 58. Qf3 Ra3 59. h5 Qe6 60. Qf1
Bc8 61. Rb8 Qe7 0-1

[Event "EOC-ch-Final 2021"]
[Site "Online"]
[Date "2021.03.30"]
[Round "9.10"]
[White "Matlakov, Maxim"]
[Black "Howell, David W L"]
[Result "1/2-1/2"]
[WhiteElo "2688"]
[BlackElo "2658"]
[PlyCount "104"]
[EventDate "2021.03.30"]
[EventType "team-tourn"]
[EventCountry "NET"]
[SourceTitle "playchess.com"]
[Source "ChessBase"]
[SourceQuality "1"]

1. d4 Nf6 2. c4 e6 3. Nf3 d5 4. Bg5 Nbd7 5. cxd5 exd5 6. Nc3 Be7 7. e3 O-O 8.
Qc2 Re8 9. Bd3 c6 10. O-O Nf8 11. Rae1 g6 12. Ne5 N6d7 13. Bxe7 Qxe7 14. f4 f5
15. Rb1 Nf6 16. b4 Be6 17. Na4 Rec8 18. h3 N8d7 19. Nc5 Rc7 20. Rfc1 Rac8 21.
a4 Ne4 22. Bxe4 dxe4 23. Ncxd7 Bxd7 24. d5 Be8 25. dxc6 Bxc6 26. Qb3+ Kf8 27.
Kh2 Be8 28. Rxc7 Rxc7 29. Rd1 a6 30. b5 axb5 31. axb5 Rc5 32. b6 Rb5 33. Qc3
Rxb6 34. Nd7+ Bxd7 35. Qh8+ Kf7 36. Qxh7+ Ke8 37. Qg8+ Qf8 38. Qxf8+ Kxf8 39.
Rxd7 Rb3 40. g4 Rxe3 41. gxf5 gxf5 42. Rd5 Kg7 43. Rxf5 Rf3 44. Kg2 Kg6 45. Rb5
Rxf4 46. Rxb7 Rf7 47. Rxf7 Kxf7 48. Kf2 Kg6 49. h4 Kh5 50. Ke3 Kg4 51. Kxe4 Kh5
52. Kf3 Kxh4 1/2-1/2